Manual d'estratègia de continguts a les xarxes socials per a biblioteques /
Descripción Física:
35 pàgines : 30 cm
Materias:
Xarxes socials en línia
; Biblioteques públiques -- Barcelona (Catalunya : Província)
; Manuals, vademècums, etc.
Idioma:
Catalán
MARC
| LEADER | 00000nam a2200000 i 4500 | ||
|---|---|---|---|
| 001 | 25975 | ||
| 005 | 20260324181124.0 | ||
| 008 | 220617b spa||||| |||| 00| 0 cat d | ||
| 080 | |a FU-70-73 | ||
| 245 | 1 | 0 | |a Manual d'estratègia de continguts a les xarxes socials per a biblioteques / |c redacció i coordinació tècnica: Gerència de Serveis de Biblioteques |
| 264 | 1 | |a [Barcelona] : |b Diputació de Barcelona, |c març de 2019 | |
| 300 | |a 35 pàgines : |c 30 cm | ||
| 336 | |a text |b txt |2 rdacontent | ||
| 337 | |a sense mediació |b n |2 rdamedia | ||
| 338 | |a volum |b nc |2 rdacarrier | ||
| 650 | 0 | |a Xarxes socials en línia |2 lemac |9 50989 | |
| 650 | 0 | |a Biblioteques públiques |x Barcelona (Catalunya : Província) |9 49209 | |
| 655 | 0 | |9 52956 |a Manuals, vademècums, etc. | |
| 710 | 1 | |a Barcelona (Catalunya : Província). |b Gerència de Serveis de Biblioteques |9 52661 | |
| 908 | |a BC | ||
| 940 | |a BC | ||
| 942 | |2 udc |c ARXIU |n 1 | ||
| 952 | |0 0 |1 0 |4 0 |6 FU7073 |7 1 |9 62440 |a Arxiu |b Arxiu |d 2022-06-17 |l 0 |o FU-70-73 |p 25975 |r 2022-06-17 00:00:00 |w 2022-06-17 |y ARXIU | ||
| 999 | |c 82077 |d 82077 | ||